000 00552nam a2200181Ia 4500
008 090124s9999 xx 000 0 und d
082 _b114851
100 _aगुप्ते भास्कर अनंत
245 _a डोळस आंधळा
250 _a0
260 _c1973
300 _a158
600 _aगुप्ते भास्कर अनंत
630 _a डोळस आंधळा
700 _aगुप्ते भास्कर अनंत
730 _a डोळस आंधळा
942 _cBOOK
999 _c160942
_d160942